Представление документа в формате RUSMARC

ПолеНазваниеЗначение
  Тип записи a
  Библиографический уровень m
001 Контрольный номер RU/IS/BASE/307116895
005 Дата корректировки 20201206204653.4
010 Индекс ISBN __
a ISBN 5-8112-0671-2
d Цена 100-00
101 Язык документа __
a Язык текста rus
a Язык текста fre
200 Заглавие и сведения об ответственности __
a Заглавие Бизнес-курс немецкого языка
e Сведения, относящиеся к заглавию [учеб. пособие]
f Первые сведения об ответственности Н. Ф. Бориско
b Общее обозначение материала Текст
210 Выходные данные __
a Место издания М.
c Издательство Дом Славян. кн.
c Издательство ЛОГОС-М
c Издательство Айрис-Пресс
d Дата издания 2007
215 Физическое описание __
a Объем 350, [2] с.
c Иллюстрации/тип воспроизводства ил.
225 Серия __
a Серия Вас ждет успех!
320 Библиография __
a Библиография Список исп. лит. в конце кн. (11 назв.)
330 Аннотация __
a Аннотация Цель пособия - формирование основ делового общения в устных и письменных формах. Структурно пособие состоит из десяти уроков, каждый из которых содержит основной текст-полилог, тематический словарь, комментарии, практические упражнения, текст для чтения и тесты.
606 Тематические рубрики __
a Основная рубрика Языкознание
606 Тематические рубрики __
a Основная рубрика Романские языки
610 Ключевые слова __
a Ключевые слова иностранные языки; изучение языков; немецкий язык; немецкая лексика; немецкая грамматика; разговорный немецкий; письменный немецкий язык
686 Индексы других классификаций __
a Классификационный индекс 81.2Нем-923
700 Автор _1
a Фамилия Бориско
b Имя Н. Ф.
g Полное личное имя Наталья Федоровна
4 Код отношения 070
801 Источник записи _0
a Страна RU
b Организация Муниципальное бюджетное учреждение культуры "Централизованная библиотечная система" г. Сургут (Центральная городская библиотека им. А. С. Пушкина)
g Правила каталогизации КиК/Поспелова
801 Источник записи _1
a Страна RU
b Организация Муниципальное бюджетное учреждение культуры "Централизованная библиотечная система" г. Сургут (Центральная городская библиотека им. А. С. Пушкина)
g Правила каталогизации КиК/Поспелова
852 Данные о местонахождении __
j Шифр хранения 81.2Нем-923
c Каталожный индекс 81.2Нем-923
i Авторский знак Б 82
901 Тип документа __
t Тип документа m
903 Характеристики (МАРС) __
a Дата передачи 20090924
969 Тип издания __
a Тип издания учебное пособие
990 Данные о заказе (DOS) __
j Количество экземпляров (DOS) 1
h N записи в КСУ для Б/У (DOS) 200910